| 000 | 00849nam0a2200289 4500 | ||
|---|---|---|---|
| 001 | RU\NLR\bibl\742184 | ||
| 005 | 20250614003359.0 | ||
| 010 |
_a5-699-07607-7 _94000 |
||
| 021 |
_aRU _b2004-76752 _93784 |
||
| 035 | _a(NLR Aleph) 000732051 | ||
| 090 |
_a768838 _c768838 |
||
| 100 | _a20050331d2004 |||y0rusy50 ca | ||
| 101 | 0 | _arus | |
| 102 | _aRU | ||
| 105 | _aa ||||||||| | ||
| 200 | 1 | _aПицца | |
| 210 |
_aМосква _cЭксмо _d2004 |
||
| 215 |
_a318,[1] с., [4] л. цв. ил. _d25 |
||
| 225 | 1 | _aЛучшие рецепты, проверенные временем | |
| 225 | 1 | _aЛакомка | |
| 606 | 1 |
_aПицца _xРецептура _91991610 _3RU\NLR\auth\66914420 |
|
| 686 | _aЛ869 | ||
| 801 | 0 |
_aRU _bNLR _c20050331 _gPSBO |
|
| 801 | 1 |
_aRU _bNLR _c20050331 |
|
| 942 | _cBOOK | ||
| 980 | _aNB | ||